Statistiques concernant Culture Générale - Série 1097

Cliquez ici pour prendre le quiz!

Statistiques générales

  • Ce quiz a été pris 86 fois
  • Le résultat moyen est 7 sur 10

Statistiques - réponses

QuestionRéponse% Correct
Quelle petite fenêtre étanche, souvent ronde, est pratiquée dans la coque d'un navire ou la carlingue d'un avion ?hublot
95%
Quel est le prénom du couturier allemand : Lagerfeld ?Karl
95%
Quel mammifère plantigrade a été réintroduit dans les Pyrénées dans les années 1990 ?ours
89%
Quel homme politique français rendit l'école primaire obligatoire, gratuite et laïque ?Jules Ferry
87%
Quelle plante à feuilles aromatiques est la base de la préparation culinaire appelée "pesto" ?basilic
80%
En 1969, à Woodstock, quel guitariste offrit une version psychédélique de l'hymne américain "Star Spangled Banner" ?Jimi Hendrix
50%
En mathématiques, le PGCD est "le plus grand commun...diviseur
47%
Quel plat japonais est constitué uniquement de poisson cru coupé en tranches fines et souvent accompagné de gingembre et de wasabi ?sashimi
47%
D'après Homère, de quelle cité antique Ménélas était-il le roi ?Sparte
46%
De quel terme "mémo" est-il l'abréviation ?mémorandum
21%

Distribution des résultats

Percentile par nombre de réponses

% des personnes avec chaque résultat

Votre développement - résultats

Vous n’avez pas pris ce quiz